00716 2200265 4500001002100000008004100021035002000062245004300082100001800125260004300143300001100186020002100197084001600218082000800234650002100242990001900263990002100282990002100303990002100324990002100345990002100366990002100387990002100408990002100429INLIS000000000001397 ind  a0010-0724001397 aAneka Kreasi Dari BambucBagas Shinugi aBagas Shinugi aJakarta :bPT Mediantara Semestac2010 a52 hlm a978-602-8489-096 a745.5 BAG a a745 aKerajinan Tangan aP29/CP/24/1397 aP29/CP/24/1397.1 aP29/CP/24/1397.2 aP29/CP/24/1397.3 aP29/CP/24/1397.4 aP29/CP/24/1397.5 aP29/CP/24/1397.6 aP29/CP/24/1397.7 aP29/CP/24/1397.8